000 00308nam a2200133Ia 4500
008 190216s9999||||xx |||||||||||||| ||und||
100 _aWinchester. Am
245 0 _aGenetics
250 _a1st Ed.
260 _bOxford And Ibh Publishing Co. Pvt Ltd
_c1966
300 _a504
650 _aBotany
942 _cBK
999 _c1120
_d1120